000 00781nam a2200253 a 4500
001 000043887
003 DO-SdBNP
005 20220224091326.0
007 ta
008 140508s1987 sp acf 000 0 spa d
020 _a8401333245
040 _aDO-SdBNP
_bspa
_cBNPHU
082 4 _bV933d 1987
_222
100 1 _aVolpini, Federico
_971777
245 1 0 _aDesde Managua /
_cFederico Volpini.
250 _a2a ed.
260 _aEsplugues de Llobregat, Barcelona :
_bPlaza & Janés,
_c1987.
300 _a264 p., [16] p. :
_bil., retrs., lám. ;
_c22 cm.
490 1 _aPlaza & Janés época
500 _aIncluye referencias bibliográficas y notas al pie de las páginas
504 _aBibliografía: p. [219]-221
830 0 _aPlaza & Janés época
_971778
942 _2ddc
_cLBS1
999 _c43376
_d43376